[Event "40th IND-chT Open 2020"]
[Site "Ahmedabad"]
[Date "2020.02.08"]
[Round "3.17"]
[White "Samal Ansuman"]
[Black "Eshwanth Dev, Kumar J"]
[Result "1-0"]
[WhiteElo "1910"]
[BlackElo "1850"]
[Annotator "NA"]
[PlyCount "69"]
[EventDate "2020.02.05"]
[EventCountry "IND"]
[SourceTitle "playchess.com"]
[Source "ChessBase"]
[SourceQuality "1"]
[TimeControl "5400+30"]

1. e4 c5 {[%emt 1:30:02]} 2. Nc3 d6 {[%emt 0:00:30]} 3. d3 Nc6 {[%emt 0:00:30]} 4. g3 g6 {[%emt 0:00:30]} 5. Bg2 Bg7 {[%emt 0:00:30]} 6. Be3 e6 {[%emt 0:00:30]} 7. Qd2 (7. Rb1) 7... Rb8 {[%emt 0:00:30]} 8. Nge2 $11 Qb6 {[%emt 0:00:30]} 9. Rb1 Nd4 {[%emt 0:00:30]} 10. Nd1 e5 {[%emt 0:00:30]} 11. O-O Bg4 {[%emt 0:00:30]} 12. f3 Be6 {[%emt 0:00:30]} 13. b4 Qc7 {[%emt 0:00:30]} 14. c3 Nxe2+ {[%emt 0:00:30]} 15. Qxe2 Ne7 {[%emt 0:00:30]} 16. bxc5 dxc5 {[%emt 0:00:30]} 17. Qf2 Rd8 {[%emt 0:00:30]} 18. f4 b6 {[%emt 0:00:30]} 19. f5 gxf5 {[%emt 0:00:30]} 20. exf5 Bxf5 {[%emt 0:00:30]} 21. Be4 Be6 {[%emt 0:00:30]} 22. Bg5 f5 {[%emt 0:00:30]} 23. Bxe7 Qxe7 {[%emt 0:00:30]} 24. Bc6+ Rd7 {[%emt 0:00:30]} 25. Bxd7+ Qxd7 {[%emt 0:00:30]} 26. a4 Qxa4 {[%emt 0:00:30]} 27. Ne3 O-O {[%emt 0:00:30]} 28. Qf3 Qd7 {[%emt 0:00:30]} 29. Ng2 Bd5 {[%emt 0:00:30]} 30. Qe2 Bc6 {[%emt 0:00:30]} 31. Rf2 Bb5 {[%emt 0:00:30]} 32. Rd1 Rd8 {[%emt 0:00:30]} 33. Qh5 e4 {[%emt 0:00:30]} 34. Rxf5 Bxd3 {[%emt 0:00:30]} 35. Nf4 1-0

[Event "40th IND-chT Open 2020"]
[Site "Ahmedabad"]
[Date "2020.02.08"]
[Round "3.18"]
[White "Sibi Visal R"]
[Black "Pattnayak Nilsu"]
[Result "1-0"]
[WhiteElo "2074"]
[BlackElo "1950"]
[Annotator "NA"]
[PlyCount "83"]
[EventDate "2020.02.05"]
[EventCountry "IND"]
[SourceTitle "playchess.com"]
[Source "ChessBase"]
[SourceQuality "1"]
[TimeControl "5400+30"]

1. c4 {[%emt 0:04:08]} Nf6 {[%emt 0:00:09]} 2. Nc3 {[%emt 0:00:30]} e6 {[%emt 0:00:30]} 3. e4 {[%emt 0:00:30]} c5 {[%emt 0:00:30]} 4. e5 {[%emt 0:00:30]} Ng8 {[%emt 0:00:30]} 5. Nf3 {[%emt 0:00:30]} Nc6 {[%emt 0:00:30]} 6. d4 {[%emt 0:00:30]} cxd4 {[%emt 0:00:30]} 7. Nxd4 $11 {[%emt 0:00:30]} Bc5 {[%emt 0:00:30]} 8. Nxc6 {[%emt 0:00:30]} dxc6 {[%emt 0:00:30]} 9. Qxd8+ {[%emt 0:00:30]} Kxd8 {[%emt 0:00:30]} 10. Bg5+ {[%emt 0:00:30]} Kc7 {[%emt 0:00:30]} 11. O-O-O {[%emt 0:00:30]} Be7 {[%emt 0:00:30]} 12. Ne4 {[%emt 0:00:30]} Bd7 {[%emt 0:00:30]} 13. Bxe7 {[%emt 0:00:30]} Nxe7 {[%emt 0:00:30]} 14. Nd6 {[%emt 0:00:30]} Ng6 {[%emt 0:00:30]} 15. Nxb7 {[%emt 0:00:30]} Nxe5 {[%emt 0:00:30]} 16. Nc5 {[%emt 0:00:30]} Rad8 {[%emt 0:00:30]} 17. Be2 {[%emt 0:00:30]} Be8 {[%emt 0:00:30]} 18. Kc2 {[%emt 0:00:30]} g5 {[%emt 0:00:30]} 19. Ne4 {[%emt 0:00:30]} h6 {[%emt 0:00:30]} 20. c5 {[%emt 0:00:30]} Rd5 {[%emt 0:00:30]} 21. b4 {[%emt 0:00:30]} f5 {[%emt 0:00:30]} 22. Nd6 {[%emt 0:00:30]} Bd7 {[%emt 0:00:30]} 23. Kc3 {[%emt 0:00:30]} Rxd1 {[%emt 0:00:30]} 24. Bxd1 {[%emt 0:00:30]} Ng6 {[%emt 0:00:30]} 25. g3 {[%emt 0:00:30]} Rf8 {[%emt 0:00:30]} 26. Re1 {[%emt 0:00:30]} g4 {[%emt 0:00:30]} 27. Nc4 {[%emt 0:00:30]} Ne7 {[%emt 0:00:30]} 28. a3 {[%emt 0:00:30]} h5 {[%emt 0:00:30]} 29. Ne5 {[%emt 0:00:30]} f4 {[%emt 0:00:30]} 30. Nd3 {[%emt 0:00:30]} fxg3 {[%emt 0:00:30]} 31. hxg3 {[%emt 0:00:30]} Rf5 {[%emt 0:00:30]} 32. Bb3 {[%emt 0:00:30]} Nd5+ {[%emt 0:00:30]} 33. Bxd5 {[%emt 0:00:30]} exd5 {[%emt 0:00:30]} 34. Re5 {[%emt 0:00:30]} Rf3 {[%emt 0:00:30]} 35. Kd4 {[%emt 0:00:30]} Bf5 {[%emt 0:00:30]} 36. Nf4 {[%emt 0:00:30]} Be4 {[%emt 0:00:30]} 37. Re7+ {[%emt 0:00:30]} Kb8 {[%emt 0:00:30]} 38. Ne6 {[%emt 0:00:30]} Rxa3 {[%emt 0:00:30]} 39. b5 {[%emt 0:00:30]} Bf5 {[%emt 0:00:30]} 40. Re8+ {[%emt 0:00:30]} Kb7 {[%emt 0:00:30]} 41. Nd8+ {[%emt 0:00:30]} Kc7 {[%emt 0:00:30]} 42. Nxc6 {[%emt 0:00:30]} 1-0

[Event "40th IND-chT Open 2020"]
[Site "Ahmedabad"]
[Date "2020.02.08"]
[Round "3.19"]
[White "Das Susobhit"]
[Black "Sa, Kannan"]
[Result "1-0"]
[WhiteElo "1846"]
[BlackElo "1936"]
[Annotator "NA"]
[PlyCount "69"]
[EventDate "2020.02.05"]
[EventCountry "IND"]
[SourceTitle "playchess.com"]
[Source "ChessBase"]
[SourceQuality "1"]
[TimeControl "5400+30"]

1. d4 {[%emt 0:00:00]} d5 {[%emt 0:00:00]} 2. c4 {[%emt 0:00:30]} e6 {[%emt 0:00:30]} 3. Nc3 {[%emt 0:00:30]} Nf6 {[%emt 0:00:30]} 4. cxd5 {[%emt 0:00:30]} exd5 {[%emt 0:00:30]} 5. Bg5 {[%emt 0:00:30]} c6 {[%emt 0:00:30]} 6. Qc2 {[%emt 0:00:30]} Be7 {[%emt 0:00:30]} 7. e3 {[%emt 0:00:30]} O-O {[%emt 0:00:30]} 8. Bd3 {[%emt 0:00:30]} Nbd7 {[%emt 0:00:30]} 9. h3 {[%emt 0:00:30]} Re8 {[%emt 0:00:30]} 10. Nf3 {[%emt 0:00:30]} Nf8 {[%emt 0:00:30]} 11. O-O-O {[%emt 0:00:30]} b5 {[%emt 0:00:30]} 12. Kb1 {[%emt 0:00:30]} a5 {[%emt 0:00:30]} 13. Rc1 {[%emt 0:00:30]} Bb7 {[%emt 0:00:30]} 14. Ne5 {[%emt 0:00:30]} N6d7 {[%emt 0:00:30]} 15. Bf4 {[%emt 0:00:30]} Nxe5 {[%emt 0:00:30]} 16. Bxe5 {[%emt 0:00:30]} a4 {[%emt 0:00:30]} 17. g4 {[%emt 0:00:30]} Bd6 {[%emt 0:00:30]} 18. Bxd6 {[%emt 0:00:30]} Qxd6 {[%emt 0:00:30]} 19. h4 {[%emt 0:00:30]} Ra5 {[%emt 0:00:30]} 20. g5 {[%emt 0:00:30]} Rea8 {[%emt 0:00:30]} 21. Ne2 {[%emt 0:00:30]} b4 {[%emt 0:00:30]} 22. Qd2 {[%emt 0:00:30]} Nd7 {[%emt 0:00:30]} 23. h5 {[%emt 0:00:30]} Nb6 {[%emt 0:00:30]} 24. g6 {[%emt 0:00:30]} fxg6 {[%emt 0:00:30]} 25. hxg6 {[%emt 0:00:30]} h6 {[%emt 0:00:30]} 26. Ng3 {[%emt 0:00:30]} Ba6 {[%emt 0:00:30]} 27. Nf5 {[%emt 0:00:30]} Qf8 {[%emt 0:00:30]} 28. Rxc6 {[%emt 0:00:30]} Nc4 {[%emt 0:00:30]} 29. Qe2 {[%emt 0:00:30]} b3 {[%emt 0:00:30]} 30. a3 {[%emt 0:00:30]} Bb5 {[%emt 0:00:30]} 31. Rc7 {[%emt 0:00:30]} Qxf5 {[%emt 0:00:30]} 32. Bxf5 {[%emt 0:00:30]} Nxa3+ {[%emt 0:00:30]} 33. bxa3 {[%emt 0:00:30]} Bxe2 {[%emt 0:00:30]} 34. Be6+ {[%emt 0:00:30]} Kf8 {[%emt 0:00:30]} 35. Rxh6 {[%emt 0:00:30]} 1-0

[Event "40th IND-chT Open 2020"]
[Site "Ahmedabad"]
[Date "2020.02.08"]
[Round "3.20"]
[White "Ramnathan, Balasubramaniam"]
[Black "Ashutosh, Mohanty"]
[Result "1-0"]
[WhiteElo "2200"]
[BlackElo "1725"]
[Annotator "TA"]
[PlyCount "59"]
[EventDate "2020.02.05"]
[EventCountry "IND"]
[SourceTitle "playchess.com"]
[Source "ChessBase"]
[SourceQuality "1"]

{[%evp 22,63,19,19,33,20,54,58,73,45,68,27,31,25,35,25,44,43,67,62,79,68,79,68,72,57,92,95,93,57,62,45,66,43,87,80,355,178,370,132,302,127,369,372]} 1. Nf3 d5 2. b3 Nf6 3. Bb2 Bf5 4. g3 Nbd7 5. Bg2 e6 6. O-O Be7 7. d3 O-O 8. Nbd2 h6 9. Qe1 c6 10. e4 dxe4 11. dxe4 Bh7 12. Qe2 Nc5 {[%cal Rf6e4] A07: Réti Opening: New York and Capablanca Systems.} 13. Rad1 {[#]} Qe8 $146 {[%cal Rc5e4]} ({Predecessor:} 13... Qc7 14. Ne5 Rad8 15. Ng4 Ncd7 16. Rfe1 Nxg4 17. Qxg4 Nf6 18. Qe2 Rd7 19. Nc4 Rfd8 20. Rxd7 Qxd7 21. Bc3 Ne8 22. Ne5 Qc7 23. Ng4 Bc5 24. h4 Qxg3 25. h5 Qxc3 {0-1 (25) Flis,P (2017)-Rosicki,M (1826) Jastrzebia Gora 2015}) 14. Ne5 Rd8 {White is slightly better.} 15. Nec4 Rd7 16. h3 Qc8 17. Ne5 Rdd8 18. Kh2 Ncd7 19. Nd3 Qc7 20. f4 Nb6 21. a4 Nfd7 22. a5 Nc8 23. Nc4 b5 24. axb6 axb6 25. Bc3 Bf6 26. Bb4 c5 27. Be1 b5 28. Ba5 $36 {[%mdl 2112] Skewer. Black is under strong pressure.} Qb8 $2 {[%mdl 8192]} (28... Ncb6 $16 {keeps fighting.}) 29. Bxd8 (29. Nce5 $142 c4 30. Nc6 cxd3 31. cxd3 (31. Rxd3 Qa8 $16)) 29... Rxd8 $2 {[#]} (29... bxc4 30. Ne5 (30. bxc4 Rxd8 31. e5 Be7 $15) 30... Nxe5) 30. Nde5 {Played: Nc4-d6} 1-0

[Event "40th IND-chT Open 2020"]
[Site "Ahmedabad"]
[Date "2020.02.08"]
[Round "3.21"]
[White "Krishnan Ritvik"]
[Black "Moksh Amit Doshi"]
[Result "0-1"]
[WhiteElo "1844"]
[BlackElo "2357"]
[Annotator "ChessBase"]
[PlyCount "96"]
[EventDate "2020.02.05"]
[EventCountry "IND"]
[SourceTitle "playchess.com"]
[Source "ChessBase"]
[SourceQuality "1"]
[TimeControl "5400+30"]

1. e4 e5 2. Bc4 Nf6 3. d3 Nc6 4. Nf3 Bc5 5. c3 O-O 6. O-O a6 7. a4 d6 8. h3 h6 9. Re1 Ba7 10. Nbd2 Be6 11. Bxe6 fxe6 12. a5 Nh5 13. Nf1 Qf6 14. Be3 Bxe3 15. Nxe3 Nf4 16. Kh2 g5 17. Ng1 Rad8 18. g3 Ng6 19. Ng4 Qg7 20. Rf1 Rd7 21. b4 d5 22. Qb3 Kh7 23. Ne3 d4 24. Nc4 dxc3 25. Qxc3 Rfd8 26. Rfd1 Qf8 27. Kg2 Qxb4 28. Qxb4 Nxb4 29. Rab1 Nxd3 30. Kf1 Rd4 31. Ne3 Rf8 32. f3 Rb8 33. Ne2 Rbd8 34. Nc4 Kg7 35. Rd2 Nc5 36. Rbd1 Rxd2 37. Rxd2 Kf6 38. Rc2 Nb3 39. Ne3 c5 40. Nc4 Nd4 41. Rb2 Nb5 42. Rd2 Ke7 43. Nc1 Ke8 44. Kg2 h5 45. Rxd8+ Kxd8 46. Nd3 Kc7 47. Ncxe5 Nxe5 48. Nxe5 Kd6 0-1

[Event "40th IND-chT Open 2020"]
[Site "Ahmedabad"]
[Date "2020.02.08"]
[Round "3.21"]
[White "Krishnan Ritvik"]
[Black "Moksh Amit Doshi"]
[Result "*"]
[WhiteElo "1844"]
[BlackElo "2357"]
[Annotator "TA"]
[PlyCount "25"]
[EventDate "2020.02.05"]
[EventCountry "IND"]
[SourceTitle "playchess.com"]
[Source "ChessBase"]
[SourceQuality "1"]

{[%evp 6,6,21]} 1. e4 e5 2. Bc4 Nf6 3. d3 Nc6 {[#]} {Predecessor:} 4. Nc3 $146 Na5 5. Bb3 Bb4 6. Nf3 {C28: Vienna Game: 2...Nf6 3 Bc4 Nc6.} Nxb3 7. axb3 d5 8. exd5 Nxd5 9. Bd2 Nxc3 10. Bxc3 Bxc3+ 11. bxc3 O-O 12. O-O Re8 13. Re1 {1-0 (89) Rapport,R (2747)-Aronian,L (2765) Saint Louis 2019} *

[Event "40th IND-chT Open 2020"]
[Site "Ahmedabad"]
[Date "2020.02.08"]
[Round "3.22"]
[White "Anadkat Kartavya"]
[Black "Kshatriya Nitin Vekhande"]
[Result "1/2-1/2"]
[WhiteElo "2152"]
[BlackElo "1756"]
[Annotator "ChessBase"]
[PlyCount "61"]
[EventDate "2020.02.05"]
[EventCountry "IND"]
[SourceTitle "playchess.com"]
[Source "ChessBase"]
[SourceQuality "1"]
[TimeControl "5400+30"]

1. e4 {[%emt 0:00:00]} c5 {[%emt 0:00:00]} 2. Nf3 {[%emt 0:00:30]} d6 {[%emt 0:00:30]} 3. g3 {[%emt 0:00:30]} Nf6 {[%emt 0:00:30]} 4. c3 {[%emt 0:00:30]} g6 {[%emt 0:00:30]} 5. Bg2 {[%emt 0:00:30]} Bg7 {[%emt 0:00:30]} 6. O-O {[%emt 0:00:30]} O-O {[%emt 0:00:30]} 7. Re1 {[%emt 0:00:30]} Nc6 {[%emt 0:00:30]} 8. h3 {[%emt 0:00:30]} e5 {[%emt 0:00:30]} 9. d3 {[%emt 0:00:30]} Ne8 {[%emt 0:00:30]} 10. Nbd2 {[%emt 0:00:30]} f5 {[%emt 0:00:30]} 11. Nc4 {[%emt 0:00:30]} Nf6 {[%emt 0:00:30]} 12. Ne3 {[%emt 0:00:30]} h6 {[%emt 0:00:30]} 13. exf5 {[%emt 0:00:30]} gxf5 {[%emt 0:00:30]} 14. Nh4 {[%emt 0:00:30]} Ne7 {[%emt 0:00:30]} 15. Nc4 {[%emt 0:00:30]} Rb8 {[%emt 0:00:30]} 16. f4 {[%emt 0:00:30]} exf4 {[%emt 0:00:30]} 17. Bxf4 {[%emt 0:00:30]} Ne8 {[%emt 0:00:30]} 18. a4 {[%emt 0:00:30]} Rf6 {[%emt 0:00:30]} 19. d4 {[%emt 0:00:30]} Be6 {[%emt 0:00:30]} 20. d5 {[%emt 0:00:30]} Bf7 {[%emt 0:00:30]} 21. Qd3 {[%emt 0:00:30]} Nc7 {[%emt 0:00:30]} 22. Ne3 {[%emt 0:00:30]} Qd7 {[%emt 0:00:30]} 23. b4 {[%emt 0:00:30]} Rd8 {[%emt 0:00:30]} 24. Rab1 {[%emt 0:00:30]} b6 {[%emt 0:00:30]} 25. bxc5 {[%emt 0:00:30]} dxc5 {[%emt 0:00:30]} 26. c4 {[%emt 0:00:30]} Bh5 {[%emt 0:00:30]} 27. a5 {[%emt 0:00:30]} Na6 {[%emt 0:00:30]} 28. Be5 {[%emt 0:00:30]} Nb4 {[%emt 0:00:30]} 29. Qc3 {[%emt 0:00:30]} Ng6 {[%emt 0:00:30]} 30. Nc2 {[%emt 0:00:30]} bxa5 {[%emt 0:00:30]} 31. Na3 {[%emt 0:00:30]} 1/2-1/2

[Event "40th IND-chT Open 2020"]
[Site "Ahmedabad"]
[Date "2020.02.08"]
[Round "3.22"]
[White "Anadkat Kartavya"]
[Black "Kshatriya Nitin Vekhande"]
[Result "*"]
[WhiteElo "2152"]
[BlackElo "1756"]
[Annotator "TA"]
[PlyCount "24"]
[EventDate "2020.02.05"]
[EventCountry "IND"]
[SourceTitle "playchess.com"]
[Source "ChessBase"]
[SourceQuality "1"]

{[%evp 9,24,-50,52,-54,41,28,23,16,25,-28,22,4,135,95,639,168,163]} 1. e4 c5 2. Nf3 a6 3. g3 Nf6 {[#]} 4. c3 $146 ({Predecessor:} 4. Nc3 d6 5. Bg2 e5 6. d3 Be7 7. h3 Nc6 8. O-O O-O 9. Kh2 b5 10. a4 b4 11. Nd5 Nxd5 12. exd5 {½-½ (65) Skovran,J (1936)-Tauber,M (2089) Slovakia 2019}) 4... g6 5. Bg2 Bg7 (5... Nxe4 $15 6. O-O Bg7) 6. O-O {B28: Sicilian: 2 Nf3 a6 (O'Kelly Variation).} (6. e5 $14 Nd5 7. d4) 6... O-O ({Better is} 6... Nxe4 $15 7. Re1 Nf6) 7. Re1 Nc6 8. h3 {White has an edge.} e5 9. d3 (9. d4 $142) 9... Ne8 10. Nbd2 g5 (10... d6 $11) 11. Nc4 Nd6 $2 {[%mdl 8192] [#]} (11... h6 $16) 12. Ne3 $2 (12. Nxd6 Bf6 13. Be3) 12... h6 {Accuracy: White = 47%, Black = 33%.} *

[Event "40th IND-chT Open 2020"]
[Site "Ahmedabad"]
[Date "2020.02.08"]
[Round "3.23"]
[White "Vedant Nitin vekhande"]
[Black "Bhatt, Jalpan"]
[Result "1/2-1/2"]
[WhiteElo "1723"]
[BlackElo "1983"]
[Annotator "NA"]
[PlyCount "82"]
[EventDate "2020.02.05"]
[EventCountry "IND"]
[SourceTitle "playchess.com"]
[Source "ChessBase"]
[SourceQuality "1"]
[TimeControl "5400+30"]

1. e4 c5 2. Nf3 Nc6 3. Bb5 d6 4. O-O g6 5. d4 Bd7 6. dxc5 {B51: Sicilian: Moscow Variation (3 Bb5+) without 3...Bd7.} dxc5 7. Be3 Bg7 8. Nc3 Qa5 {[#]} 9. Qd3 $146 ({Predecessor:} 9. Nd5 Nf6 10. a4 a6 11. Bxc5 Nxd5 12. exd5 axb5 13. dxc6 Bxc6 14. axb5 Qxa1 15. Qxa1 Rxa1 16. Rxa1 Bxb5 {0-1 (40) Ong,C (2347)-Amonatov,F Kuala Lumpur 1993}) 9... Rd8 10. Rad1 Nf6 11. Bxc5 O-O 12. Qe2 Bg4 13. h3 Bxf3 14. Qxf3 Nd7 15. b4 Nde5 16. Qe3 Nxb4 17. Bxe7 Rxd1 18. Rxd1 Rc8 19. Bxb4 Qxb4 20. Nd5 Qc5 21. Ba4 Nc4 22. Qxc5 Rxc5 23. Bb3 Kf8 24. Kf1 b5 25. Ke2 a5 26. a4 Nb2 27. Nb6 Nxd1 28. Nd7+ Ke7 29. Nxc5 Nc3+ $18 30. Kd3 Kd6 31. Nb7+ Kc7 32. Nxa5 Kb6 33. axb5 Kxa5 34. Bxf7 Kxb5 35. f4 Kc5 36. h4 Nd1 37. Bb3 h6 38. Bf7 g5 39. hxg5 hxg5 40. fxg5 Nc3 41. Ke3 Be5 1/2-1/2

[Event "40th IND-chT Open 2020"]
[Site "Ahmedabad"]
[Date "2020.02.08"]
[Round "3.24"]
[White "Trivedi Karan R"]
[Black "Athalye Varad"]
[Result "1-0"]
[WhiteElo "1956"]
[BlackElo "1602"]
[Annotator "NA"]
[PlyCount "73"]
[EventDate "2020.02.05"]
[EventCountry "IND"]
[SourceTitle "playchess.com"]
[Source "ChessBase"]
[SourceQuality "1"]
[TimeControl "5400+30"]

1. d4 Nf6 2. Bf4 b6 3. f3 d5 4. Nc3 e6 5. e3 Bd6 6. Bg5 $15 Be7 7. Qd2 Bb7 8. O-O-O Nbd7 9. Bf4 a6 10. g4 h6 11. Nge2 c5 12. Bg2 c4 13. h4 b5 14. g5 Nh5 15. Nb1 b4 16. c3 Qa5 17. cxb4 Qxa2 18. Bc7 Qa4 19. Ba5 Nb8 20. Nbc3 Qd7 21. e4 Nc6 22. exd5 Nxb4 23. Bxb4 Bxb4 24. dxe6 fxe6 25. Qc2 Bd6 26. Ne4 Nf4 27. Nxf4 Bxf4+ 28. Kb1 Bd5 29. Nc5 Qf7 30. g6 Qc7 31. Qa4+ Ke7 32. Rhe1 Kf6 33. Bh3 Rhe8 34. Qc2 Qd6 35. Rxe6+ Bxe6 36. Ne4+ Ke7 37. Nxd6 1-0